| 000 | 01857nam0a2200313 4500 | ||
|---|---|---|---|
| 001 | RU\NLR\bibl\1117900 | ||
| 005 | 20260406220437.0 | ||
| 021 |
_aRU _b2007-45278 _92418 |
||
| 035 | _a(NLR Aleph) 001104896 | ||
| 090 |
_a1201525 _c1201525 |
||
| 100 | _a20070816d2006 |||y0rusy50 ca | ||
| 101 | 0 | _arus | |
| 102 | _aRU | ||
| 105 | _aa ||||||||| | ||
| 200 | 1 |
_aСистемные васкулиты и геморрагические диатезы у детей _eпособие для студентов старших курсов _fС.-Петерб. гос. мед. ун-т им. акад. И.П. Павлова Федер. агентства по здравоохранению и соц. развитию, Каф. педиатрии _g[з.д.н., проф. К.М. Сергеева, к.м.н., доц. Н.Б. Куприенко] |
|
| 210 |
_aСанкт-Петербург _cИзд-во СПбГМУ _d2006 |
||
| 215 |
_a48 с. _cил. _d20 |
||
| 320 | _aБиблиогр.: с. 47 (9 назв.) | ||
| 606 | 1 |
_aГеморрагический диатез детей _jРуководства, пособия и т.п. _92260169 _3RU\NLR\auth\661355226 |
|
| 606 | 1 |
_aВаскулиты системные детей _jРуководства, пособия и т.п. _92484608 _3RU\NLR\auth\661474678 |
|
| 686 | _aР733.411.023я73 | ||
| 686 | _aР733.553я73 | ||
| 702 | 1 |
_4220 _8rus _7ca _aСергеева _bК. М. _f1926- _cд-р мед. наук _gКлара Михайловна _3RU\NLR\auth\7749641 _932576 |
|
| 712 | 0 | 2 |
_4570 _aСанкт-Петербургский государственный медицинский университет им. И. П. Павлова _bКафедра педиатрии _3RU\NLR\AUTH\889974863 _9446702 |
| 801 | 0 |
_aRU _bNLR _c20070816 _gRCR |
|
| 801 | 1 |
_aRU _bNLR _c20070816 |
|
| 942 | _cBOOK | ||
| 980 | _aNB | ||